Daily Capital City Riddle #109 - Statistics

General Stats
  • This quiz has been taken 45 times
  • The average score is 29 of 32
Answer Stats
Type Answer % Correct
Correctly Placed Letter A
100%
Found Letter A
100%
Alphabet Letter B
100%
Alphabet Letter O
100%
Alphabet Letter R
100%
Found Letter S
100%
Alphabet Letter C
97%
Alphabet Letter D
97%
Alphabet Letter E
97%
Alphabet Letter I
97%
Alphabet Letter L
97%
Alphabet Letter M
97%
Found Letter N
97%
Alphabet Letter T
97%
Alphabet Letter H
94%
Alphabet Letter U
94%
Alphabet Letter G
91%
Correctly Placed Letter N
91%
Alphabet Letter W
91%
Correctly Placed Letter A
88%
Correctly Placed Letter A
85%
Alphabet Letter J
85%
Alphabet Letter K
85%
Alphabet Letter P
85%
Alphabet Letter X
85%
Alphabet Letter Y
85%
Correctly Placed Letter S
82%
Alphabet Letter V
82%
Alphabet Letter Q
79%
Alphabet Letter F
76%
Mystery Capital Sana'a
76%
Alphabet Letter Z
76%
No matching quizzes found
Score Distribution
Percent of People with Each Score
Percentile by Number Answered
Your Score History
You have not taken this quiz